000 00717nam a2200241Ia 4500
001 dia_3400
003 CHAP
005 20251023173403.0
008 220117s2005 xx 000 0 und d
010 _a173865
040 _cCHAP
082 _a658.7 S4
130 _aSeminario Sobre el Tratado de Cooperación en Materia de Patente (PCT)
_9154619
245 _aEl Sistema PCT para la Presentación Mundial de Solicutides de Patentes /
_c por OMPI
260 _aLa Habana, Cuba :
_b OMPI,
_c2005
300 _a302 P.
503 _aFot.
650 _a1.Patentes
_9154620
901 _a658.7 S4
902 _aM
905 _a0000002005 cu X 0000000000spa00
942 _cLIBRO
_2ddc
999 _c173865
_d173865